| 000 | 00558nam a2200157Ia 4500 | ||
|---|---|---|---|
| 008 | 170221s9999 xx 000 0 und d | ||
| 100 | _aRodney Ciboh | ||
| 245 | _aPassive Accomplice or Active Acquiescent to Corruption in Nigeria? Evidence from Newspapers’ Sourcing of Information on Corruption from 2000 - 2006 | ||
| 245 | _cRodney Ciboh | ||
| 260 | _bStudies in Media and Communication | ||
| 260 | _c2013 | ||
| 300 | _a33 : 2 | ||
| 650 | _xCommunication | ||
| 650 | _xMedia Arts | ||
| 856 | _uhttp://redfame.com/journal/index.php/smc/issue/view/15 | ||
| 999 |
_c310985 _d310985 |
||